| 000 | 00363nam a2200145 i 4500 | ||
|---|---|---|---|
| 001 | bg | ||
| 100 | 1 | _aJANUSZKIEWICZ, Franciszek | |
| 245 | 0 |
_aTechnologia kształcenia w szkolnictwie wyższym / _cFranciszek Januszkiewicz. |
|
| 250 | _aWyd.2. | ||
| 260 | _c1982. | ||
| 040 | _cBPK | ||
| 041 | _apol | ||
| 942 | _cKS | ||
| 008 | s pl f |000 0 pol | ||
| 999 |
_c20715 _d20715 |
||
| 856 |
_uhttp://koha.tu.koszalin.pl/cgi-bin/koha/opac-detail.pl?biblionumber=20715 _yKatalog online BPK |
||